<?xml version="1.0" encoding="UTF-8"?>
<record
    xmlns:xsi="http://www.w3.org/2001/XMLSchema-instance"
    xsi:schemaLocation="http://www.loc.gov/MARC21/slim http://www.loc.gov/standards/marcxml/schema/MARC21slim.xsd"
    xmlns="http://www.loc.gov/MARC21/slim">

  <leader>02276nam a2200481 i 4500</leader>
  <controlfield tag="001">P20220307054</controlfield>
  <controlfield tag="008">250402s2007    cc      s     000 0 chi d</controlfield>
  <datafield tag="020" ind1=" " ind2=" ">
    <subfield code="a">9789627997849</subfield>
  </datafield>
  <datafield tag="040" ind1=" " ind2=" ">
    <subfield code="a">Airiti</subfield>
    <subfield code="b">eng</subfield>
    <subfield code="e">rda</subfield>
    <subfield code="c">Airiti</subfield>
  </datafield>
  <datafield tag="041" ind1="1" ind2=" ">
    <subfield code="a">chi</subfield>
    <subfield code="a">eng</subfield>
  </datafield>
  <datafield tag="050" ind1=" " ind2="4">
    <subfield code="a">BR1287</subfield>
    <subfield code="b">Z466 2007</subfield>
  </datafield>
  <datafield tag="245" ind1="0" ind2="0">
    <subfield code="6">880-01</subfield>
    <subfield code="a">Zhonghua ben se :</subfield>
    <subfield code="b">jin dai Zhongguo jiao hui shi lun = China's indigenization : essays on the history of Christianity in modern China /</subfield>
    <subfield code="c">Li Jinqiang, Tang Shaoyuan, Liang Jialin zhu bian.</subfield>
  </datafield>
  <datafield tag="246" ind1="3" ind2="0">
    <subfield code="6">880-02</subfield>
    <subfield code="a">Jin dai Zhongguo jiao hui shi lun</subfield>
  </datafield>
  <datafield tag="246" ind1="3" ind2="1">
    <subfield code="a">China's indigenization :</subfield>
    <subfield code="b">essays on the history of Christianity in modern China</subfield>
  </datafield>
  <datafield tag="250" ind1=" " ind2=" ">
    <subfield code="6">880-03</subfield>
    <subfield code="a">Chu ban.</subfield>
  </datafield>
  <datafield tag="264" ind1=" " ind2="1">
    <subfield code="6">880-04</subfield>
    <subfield code="a">Xianggang :</subfield>
    <subfield code="b">Jian dao shen xue yuan,</subfield>
    <subfield code="c">2007.</subfield>
  </datafield>
  <datafield tag="300" ind1=" " ind2=" ">
    <subfield code="a">445 pages</subfield>
  </datafield>
  <datafield tag="336" ind1=" " ind2=" ">
    <subfield code="a">text</subfield>
    <subfield code="b">txt</subfield>
    <subfield code="2">rdacontent</subfield>
  </datafield>
  <datafield tag="337" ind1=" " ind2=" ">
    <subfield code="a">computer</subfield>
    <subfield code="b">c</subfield>
    <subfield code="2">rdamedia</subfield>
  </datafield>
  <datafield tag="338" ind1=" " ind2=" ">
    <subfield code="a">online resource</subfield>
    <subfield code="b">cr</subfield>
    <subfield code="2">rdacarrier</subfield>
  </datafield>
  <datafield tag="347" ind1=" " ind2=" ">
    <subfield code="a">text file</subfield>
    <subfield code="b">PDF</subfield>
    <subfield code="2">rda</subfield>
  </datafield>
  <datafield tag="490" ind1="1" ind2=" ">
    <subfield code="6">880-05</subfield>
    <subfield code="a">Jidu jiao yu Zhongguo wen hua lun wen ji kan ;</subfield>
    <subfield code="v">1.</subfield>
  </datafield>
  <datafield tag="533" ind1=" " ind2=" ">
    <subfield code="a">Electronic reproduction.</subfield>
    <subfield code="b">New Taipei :</subfield>
    <subfield code="c">Airiti,</subfield>
    <subfield code="d">2022.</subfield>
    <subfield code="n">System requirements: iRead eBook.</subfield>
    <subfield code="n">Available via World Wide Web.</subfield>
  </datafield>
  <datafield tag="546" ind1=" " ind2=" ">
    <subfield code="a">In Chinese, with some in English.</subfield>
  </datafield>
  <datafield tag="651" ind1=" " ind2="0">
    <subfield code="a">China</subfield>
    <subfield code="x">Church history</subfield>
    <subfield code="y">19th century.</subfield>
  </datafield>
  <datafield tag="651" ind1=" " ind2="0">
    <subfield code="a">China</subfield>
    <subfield code="x">Church history</subfield>
    <subfield code="y">20th century.</subfield>
  </datafield>
  <datafield tag="651" ind1=" " ind2="0">
    <subfield code="a">Hong Kong (China)</subfield>
    <subfield code="x">Church history.</subfield>
  </datafield>
  <datafield tag="700" ind1="1" ind2=" ">
    <subfield code="6">880-06</subfield>
    <subfield code="a">Li, Jinqiang,</subfield>
    <subfield code="e">editor.</subfield>
  </datafield>
  <datafield tag="700" ind1="1" ind2=" ">
    <subfield code="6">880-07</subfield>
    <subfield code="a">Tang, Shaoyuan,</subfield>
    <subfield code="e">editor.</subfield>
  </datafield>
  <datafield tag="700" ind1="1" ind2=" ">
    <subfield code="6">880-08</subfield>
    <subfield code="a">Liang, Jialin,</subfield>
    <subfield code="e">editor.</subfield>
  </datafield>
  <datafield tag="830" ind1=" " ind2="0">
    <subfield code="6">880-09</subfield>
    <subfield code="a">Jidu jiao yu Zhongguo wen hua lun wen ji kan ;</subfield>
    <subfield code="v">1.</subfield>
  </datafield>
  <datafield tag="856" ind1="4" ind2="0">
    <subfield code="u">https://www.airitibooks.com/Detail/Detail?PublicationID=P20220307054</subfield>
  </datafield>
  <datafield tag="880" ind1="0" ind2="0">
    <subfield code="6">245-01/</subfield>
    <subfield code="1"></subfield>
    <subfield code="a">&#x4E2D;&#x83EF;&#x672C;&#x8272; :</subfield>
    <subfield code="b">&#x8FD1;&#x4EE3;&#x4E2D;&#x570B;&#x6559;&#x6703;&#x53F2;&#x8AD6; = China's indigenization : essays on the history of Christianity in modern China /</subfield>
    <subfield code="c">&#x674E;&#x91D1;&#x5F37;, &#x6E6F;&#x7D39;&#x6E90;, &#x6881;&#x5BB6;&#x9E9F;&#x4E3B;&#x7DE8;.</subfield>
  </datafield>
  <datafield tag="880" ind1="3" ind2="0">
    <subfield code="6">246-02/</subfield>
    <subfield code="1"></subfield>
    <subfield code="a">&#x8FD1;&#x4EE3;&#x4E2D;&#x570B;&#x6559;&#x6703;&#x53F2;&#x8AD6;</subfield>
  </datafield>
  <datafield tag="880" ind1=" " ind2=" ">
    <subfield code="6">250-03/</subfield>
    <subfield code="1"></subfield>
    <subfield code="a">&#x521D;&#x7248;.</subfield>
  </datafield>
  <datafield tag="880" ind1=" " ind2="1">
    <subfield code="6">264-04/</subfield>
    <subfield code="1"></subfield>
    <subfield code="a">&#x9999;&#x6E2F; :</subfield>
    <subfield code="b">&#x5EFA;&#x9053;&#x795E;&#x5B78;&#x9662;,</subfield>
    <subfield code="c">2007.</subfield>
  </datafield>
  <datafield tag="880" ind1="1" ind2=" ">
    <subfield code="6">490-05/</subfield>
    <subfield code="1"></subfield>
    <subfield code="a">&#x57FA;&#x7763;&#x6559;&#x8207;&#x4E2D;&#x570B;&#x6587;&#x5316;&#x8AD6;&#x6587;&#x96C6;&#x520A; ;</subfield>
    <subfield code="v">1</subfield>
  </datafield>
  <datafield tag="880" ind1="1" ind2=" ">
    <subfield code="6">700-06/</subfield>
    <subfield code="1"></subfield>
    <subfield code="a">&#x674E;&#x91D1;&#x5F37;,</subfield>
    <subfield code="e">editor.</subfield>
  </datafield>
  <datafield tag="880" ind1="1" ind2=" ">
    <subfield code="6">700-07/</subfield>
    <subfield code="1"></subfield>
    <subfield code="a">&#x6E6F;&#x7D39;&#x6E90;,</subfield>
    <subfield code="e">editor.</subfield>
  </datafield>
  <datafield tag="880" ind1="1" ind2=" ">
    <subfield code="6">700-08/</subfield>
    <subfield code="1"></subfield>
    <subfield code="a">&#x6881;&#x5BB6;&#x9E9F;,</subfield>
    <subfield code="e">editor.</subfield>
  </datafield>
  <datafield tag="880" ind1=" " ind2="0">
    <subfield code="6">830-09/</subfield>
    <subfield code="1"></subfield>
    <subfield code="a">&#x57FA;&#x7763;&#x6559;&#x8207;&#x4E2D;&#x570B;&#x6587;&#x5316;&#x8AD6;&#x6587;&#x96C6;&#x520A; ;</subfield>
    <subfield code="v">1.</subfield>
  </datafield>
  <datafield tag="999" ind1=" " ind2=" ">
    <subfield code="c">53646</subfield>
    <subfield code="d">53646</subfield>
  </datafield>
</record>
